Pedro Henríquez Ureña. Familia y familiaridad / (Registro nro. 58923)
[ vista simple ]
| 000 -CABECERA | |
|---|---|
| campo de control de longitud fija | 01377nab a2200253 a 4500 |
| 003 - IDENTIFICADOR DEL NÚMERO DE CONTROL | |
| campo de control | DO-SdBNP |
| 005 - FECHA Y HORA DE LA ÚLTIMA TRANSACCIÓN | |
| campo de control | 20250502120352.0 |
| 007 - CAMPO FIJO DE DESCRIPCIÓN FÍSICA--INFORMACIÓN GENERAL | |
| campo de control de longitud fija | ta |
| 008 - DATOS DE LONGITUD FIJA--INFORMACIÓN GENERAL | |
| campo de control de longitud fija | 250502e2015 dr |||p|r||||||0| | spa d |
| 040 ## - FUENTE DE LA CATALOGACIÓN | |
| Centro catalogador/agencia de origen | DO-SdBNP |
| Lengua de catalogación | spa |
| Centro/agencia transcriptor | BNPHU |
| Normas de descripción | rda |
| 041 ## - CÓDIGO DE LENGUA | |
| Código de lengua original | spa |
| 100 ## - ENTRADA PRINCIPAL--NOMBRE DE PERSONA | |
| Nombre de persona | Domínguez Michael, Christopher |
| 9 (RLIN) | 87646 |
| 245 ## - MENCIÓN DE TÍTULO | |
| Título | Pedro Henríquez Ureña. Familia y familiaridad / |
| Mención de responsabilidad, etc. | Christopher Domínguez Michael. |
| 264 ## - PRODUCCIÓN, PUBLICACIÓN, DISTRIBUCIÓN, FABRICACIÓN Y COPYRIGHT | |
| Producción, publicación, distribución, fabricación y copyright | Santo Domingo, República Dominicana : |
| Nombre del de productor, editor, distribuidor, fabricante | Editora Nacional Dominicana, |
| Fecha de producción, publicación, distribución, fabricación o copyright | 2015. |
| 300 ## - DESCRIPCIÓN FÍSICA | |
| Extensión | página, 35-43. |
| 336 ## - TIPO DE CONTENIDO | |
| Término de tipo de contenido | texto |
| Código de tipo de contenido | txt |
| Fuente | rdacontent |
| 337 ## - TIPO DE MEDIO | |
| Nombre/término del tipo de medio | sin mediación |
| Código del tipo de medio | n |
| Fuente | rdamedia |
| 338 ## - TIPO DE SOPORTE | |
| Nombre/término del tipo de soporte | volumen |
| Código del tipo de soporte | nc |
| Fuente | rdacarrier |
| 362 ## - FECHAS DE PUBLICACIÓN Y/O DESIGNACIÓN SECUENCIAL | |
| Fecha de publicación y/o designación secuencial | Año.9: no.17 (2015: jun.) |
| 520 ## - SUMARIO, ETC. | |
| Sumario, etc. | Con motivo de sus 80 años de existencia, el Fondo de Cultura Económica ha puesto en marcha la reedición de libros clásicos de su catálogo. Entre ellos se encuentra, Las corrientes literarias en la América Hispánica, del notable crítico dominicano Pedro Henríquez Ureña, y cuyo prólogo que aquí reproducimos ha sido encargado a Christopher Domínguez Michael. |
| 600 10 - PUNTO DE ACCESO ADICIONAL DE MATERIA--NOMBRE DE PERSONA | |
| Nombre de persona | Henríquez Ureña, Pedro, |
| Fechas asociadas al nombre | 1884-1946 |
| 9 (RLIN) | 1718 |
| Subdivisión de forma | Publicaciones periódicas |
| Subdivisión geográfica | República Dominicana |
| 773 0# - ENLACE AL DOCUMENTO FUENTE/ENTRADA DE REGISTRO ANFITRIÓN | |
| Número bibliográfico anfitrión | 37014 |
| Número de ítem anfitrión | 283557 |
| Encabezamiento principal | Secretaría de Estado de Educación, Bellas Artes y Cultura (República Dominicana ) |
| Otro identificador del documento | 37524-9-17-1 |
| Título | País cultural : |
| Número de control del registro | (DO-SdBNP)000037524 |
| 942 ## - ELEMENTOS DE PUNTO DE ACCESO ADICIONAL (KOHA) | |
| Fuente del sistema de clasificación o colocación | Dewey Decimal Classification |
| Tipo de ítem Koha | Publicación periódica |
No hay ítems disponibles.
